| 000 | 00432nam a2200181Ia 4500 | ||
|---|---|---|---|
| 001 | 8427 | ||
| 005 | 20260306160608.0 | ||
| 008 | 260306t2017||||xx |||||||||||||| ||spa|| | ||
| 041 | _aESP | ||
| 082 |
_a371 _bJ55 |
||
| 100 |
_aJiménez Santiago, Miguel _eAUT |
||
| 245 | 0 | _aApoyo a la intervención educativa | |
| 260 | _c2017 | ||
| 300 |
_a212 páginas : _c26 cm. |
||
| 650 | _aGEN | ||
| 654 | _aCED | ||
| 942 |
_cLIB _dJUS _fJUS _2ddc _n |
||
| 999 |
_c8427 _d8427 |
||